书目信息 |
| 题名: |
旅游酒店管理案例
|
|
| 作者: | 严金明 , 徐文苑 编著 | |
| 分册: | ||
| 出版信息: | 北京 清华大学出版社 2004.07 |
|
| 页数: | 227页 | |
| 开本: | 23cm | |
| 丛书名: | 21世纪高职高专规划教材 | |
| 单 册: | ||
| 中图分类: | F719.2 | |
| 科图分类: | ||
| 主题词: | 旅游饭店--企业管理--案例--高等学校--技术学校--教材 | |
| 电子资源: | ||
| ISBN: | 7-81082-308-6 | |
| 000 | 01089nam2 2200265 450 | |
| 001 | 010433410118 | |
| 005 | 20050906164429.74 | |
| 010 | @a7-81082-308-6@dCNY23.00 | |
| 100 | @a20050115d2004 ekmy0chiy0120 ea | |
| 101 | 0 | @achi |
| 102 | @aCN@b110000 | |
| 105 | @ay z 000yy | |
| 200 | 1 | @a旅游酒店管理案例@Alu you jiu dian guan li an li@f严金明, 徐文苑编著@Fyan jin ming,xu wen yuan bian zhu |
| 210 | @a北京@c清华大学出版社@c北京交通大学出版社@d2004.07 | |
| 215 | @a227页@d23cm | |
| 225 | 2 | @a21世纪高职高专规划教材@i旅游酒店类系列 |
| 330 | @a本书收集了实习学员在珠江三角洲各星级酒店、旅行社等企业工作时亲历的典型案例,以及国内外旅游酒店管理专家和同行精彩见闻。在案例中注明了所实习的岗位,每个案例分别从事件经过、解决办法及对学员、酒店的启示等几个部分来加以阐述。 | |
| 410 | 0 | @12001 @a旅游酒店类系列 |
| 410 | 0 | @12001 @a21世纪高职高专规划教材 |
| 606 | 0 | @a旅游饭店@x企业管理@x案例@x高等学校@x技术学校@j教材 |
| 690 | @aF719.2@v4 | |
| 701 | 0 | @a严金明@Ayan jin ming@4编著 |
| 701 | 0 | @a徐文苑@Axu wen yuan@4编著 |
| 801 | 0 | @aCN@bQSSK@c20050906 |
| 905 | @a10447@dF719.2@eY052 | |
| 旅游酒店管理案例/严金明, 徐文苑编著.-北京:清华大学出版社:北京交通大学出版社,2004.07 |
| 227页;23cm.-(21世纪高职高专规划教材.旅游酒店类系列) |
| ISBN 7-81082-308-6:CNY23.00 |
| 本书收集了实习学员在珠江三角洲各星级酒店、旅行社等企业工作时亲历的典型案例,以及国内外旅游酒店管理专家和同行精彩见闻。在案例中注明了所实习的岗位,每个案例分别从事件经过、解决办法及对学员、酒店的启示等几个部分来加以阐述。 |
| ● |
| 相关链接 |
|
|
|
正题名:旅游酒店管理案例
索取号:F719.2/Y052
 
预约/预借
| 序号 | 登录号 | 条形码 | 馆藏地/架位号 | 状态 | 备注 |
| 1 | 561701 | 205617019 | 社科库409/409社科库 46排5列2层/ [索取号:F719.2/Y052] | 在馆 | |
| 2 | 561702 | 205617028 | 社科库409/409社科库 46排5列2层/ [索取号:F719.2/Y052] | 在馆 | |
| 3 | 561703 | 205617037 | 社科库409/409社科库 46排5列2层/ [索取号:F719.2/Y052] | 在馆 |